Minecraft 1.11 - Statistics

General Stats
  • This quiz has been taken 28 times
    4 since last reset
  • The average score is 28 of 34
Answer Stats
Picture Answer % Correct
Black Shulker Box
100%
Blue Shulker Box
100%
Brown Shulker Box
100%
Cyan Shulker Box
100%
Donkey Spawn Egg
100%
Gray Shulker Box
100%
Green Shulker Box
100%
Light Blue Shulker Box
100%
Light Gray Shulker Box
100%
Lime Shulker Box
100%
Magenta Shulker Box
100%
Orange Shulker Box
100%
Pink Shulker Box
100%
Purple Shulker Box
100%
Red Shulker Box
100%
Totem of Undying
100%
White Shulker Box
100%
Yellow Shulker Box
100%
Elder Guardian Spawn Egg
75%
Husk Spawn Egg
75%
Iron Nugget
75%
Llama Spawn Egg
75%
Mule Spawn Egg
75%
Shulker Shell
75%
Vex Spawn Egg
75%
Wither Skeleton Spawn Egg
75%
Zombie Horse Spawn Egg
75%
Zombie Villager Spawn Egg
75%
Observer
50%
Ocean Explorer Map
50%
Stray Spawn Egg
50%
Vindicator Spawn Egg
50%
Woodland Explorer Map
50%
Skeleton Horse Spawn Egg
0%
No matching quizzes found
Score Distribution
Percent of People with Each Score
Percentile by Number Answered
Your Score History
You have not taken this quiz since the last reset